| 000 | 00609nam a2200181Ia 4500 | ||
|---|---|---|---|
| 008 | 100921s9999 xx 000 0 und d | ||
| 082 |
_b1005 _a891.463 थ 71 |
||
| 100 | _aमनोहर अनंत. | ||
| 245 | _aउदास हळवे सूर. | ||
| 260 |
_bकुलकर्णी ग्रंथागार,पुणे. _c1971 |
||
| 300 |
_a141 _b--- |
||
| 365 | _b7 | ||
| 520 | _aललित-कादंबरी. | ||
| 630 | _aउदास हळवे सूर. | ||
| 650 | _aललित-कादंबरी. | ||
| 730 | _aउदास हळवे सूर. | ||
| 942 | _cBOOK | ||
| 999 |
_c750118 _d750115 |
||